CZEGO LEKARZE KAŻĄ NAM UNIKAĆ: - Statystyki

Ogólne statystyki
  • Ten quiz został rozwiązany 57 razy
  • Średni wynik to 3 z 5
Statystyki odpowiedzi
Odpowiedź % Poprawnych
ALKOHOLU
88%
PAPIEROSÓW
88%
TŁUSZCZU
39%
STRESU
33%
SOLI
27%
Nie znaleziono quizów pasujących do podanych kryteriów
Rozkład punktacji
Procent ludzi z każdym wynikiem
Percentyl według liczby udzielonych odpowiedzi
Twoja historia wyników
Nie rozwiązałeś tego quizu